[Event "GCT Paris Rapid 2021"]
[Site "Paris"]
[Date "2021.06.19"]
[Round "6.3"]
[White "Firouzja, Alireza"]
[Black "Rapport, Richard"]
[Result "1/2-1/2"]
[WhiteElo "2759"]
[BlackElo "2763"]
[Annotator "TA"]
[PlyCount "109"]
[EventDate "2021.06.18"]
[EventType "tourn"]
[EventCountry "FRA"]
[SourceTitle "playchess.com"]
[Source "ChessBase"]
[SourceQuality "1"]

{[%evp 23,109,16,14,14,29,0,0,0,-6,-4,59,54,59,54,40,6,7,0,0,0,0,0,8,0,0,0,0,0,
0,0,0,0,0,0,0,0,0,0,0,0,0,0,19,16,14,24,14,30,217,8,8,8,8,0,0,0,0,0,72,25,39,
53,69,0,0,-10,29,29,31,0,0,0,6,0,0,0,7,0,0,0,0,0,0,0,0,0,0,0]} 1. e4 {Golod,V}
c5 2. Nf3 e6 3. d4 cxd4 4. Nxd4 Nc6 5. Nc3 Nf6 6. Ndb5 Bb4 7. a3 Bxc3+ 8. Nxc3
d5 9. Bd3 dxe4 10. Nxe4 Nxe4 11. Bxe4 Qxd1+ 12. Kxd1 Bd7 13. Be3 {B45:
Sicilian Four Knights.} f5 14. Bf3 e5 15. Kc1 Rc8 {[#]} 16. g3 $146 ({
Predecessor:} 16. Rd1 e4 17. Bh5+ g6 18. Be2 Be6 19. b3 Kf7 20. Kb2 a6 21. f3
exf3 22. Bxf3 {1-0 (37) Delchev,A (2583)-Ivanovic,B (2501) Subotica 2003 CBM
095 [Golod,V]}) 16... Kf7 (16... Na5 $11 17. Kb1 Bc6 18. Bxc6+ Nxc6) 17. Rd1
$14 Be6 18. b3 g5 19. Kb2 f4 $1 {[%cal Rf4e3]} 20. gxf4 gxf4 21. Bd2 Nd4 22.
Be4 Kf6 23. Bc3 Nb5 24. Bb4 Bf5 (24... b6 {looks sharper.} 25. c4 Nd4 26. a4
Bf5 27. Bb7 Rcd8) 25. Bxf5 Kxf5 26. Rd7 Nd4 27. Bc3 Ne2 28. Bxe5 Kxe5 29. Re7+
Kf5 30. Rxe2 $11 {[%mdl 4096] Endgame KRR-KRR} Kg4 31. Re7 Kf3 32. Rxb7 Kxf2
33. Rxa7 f3 34. a4 {Threatens to win with a5.} Ra8 35. Rc7 Rac8 $2 {[#]} (35...
Kg2 $1 $11) 36. Rb7 $2 (36. Rxc8 $1 $18 Rxc8 37. a5) 36... Rb8 {[%cal Rb8b7]}
37. Rb5 Rhf8 38. c4 Rbe8 39. Rd5 Re1 {[#] Strongly threatening ...Rxa1.} 40.
Rd2+ Re2 (40... Ke3 $11 41. Rxe1+ Kxd2) 41. Kc3 $16 Ke3 $1 42. Rd3+ Ke4 43. a5
(43. Rd4+ $1 $14 Ke3 44. Rdd1) 43... f2 $11 44. Rdd1 Rf3+ 45. Kb4 {a6 is the
strong threat.} Rb2 46. a6 Rbxb3+ {The position is equal.} 47. Kc5 {Black must
now prevent a7.} Rf5+ 48. Kc6 {And now a7 would win.} Rf6+ 49. Kc5 Rf5+ (49...
Rbb6 $5 50. Rd4+ $8 Ke5 51. Rd5+ Ke4 52. Rd4+ Ke5 53. Rd5+ Ke4 54. Rd4+ $11)
50. Kc6 {aiming for a7.} Rf6+ 51. Kc5 {Hoping for a7.} Rbb6 {[%csl Gb6][%cal
Rf6c6]} 52. Rd4+ Ke5 {[%csl Gb6][%cal Rf6c6]} 53. Rd5+ Ke4 {[%csl Gb6][%cal
Rf6c6]} 54. Rd4+ Ke5 {[%csl Gb6][%cal Rf6c6]} 55. Rd5+ {Weighted Error Value:
White=0.12/Black=0.15} 1/2-1/2

[Event "GCT Paris Rapid 2021"]
[Site "Paris"]
[Date "2021.06.19"]
[Round "6.4"]
[White "Svidler, Peter"]
[Black "Bacrot, Etienne"]
[Result "1/2-1/2"]
[WhiteElo "2714"]
[BlackElo "2678"]
[Annotator "TA"]
[PlyCount "129"]
[EventDate "2021.06.18"]
[EventType "tourn"]
[EventCountry "FRA"]
[SourceTitle "playchess.com"]
[Source "ChessBase"]
[SourceQuality "1"]

{[%evp 13,129,15,27,0,0,-5,-6,0,13,23,22,0,0,0,52,68,70,70,99,65,88,89,97,53,
143,114,99,62,62,47,75,0,0,0,0,-6,-7,-72,-98,-105,-97,-129,0,0,0,0,0,0,0,0,0,0,
0,-6,8,0,6,0,0,0,0,0,0,0,0,0,0,0,0,0,0,0,0,-8,0,-8,-8,-8,-8,-16,0,0,0,0,8,0,0,
0,0,0,0,0,0,0,0,0,0,0,0,0,0,0,0,0,0,0,0,0,0,0,0,0,0,0,0,0,0,0]} 1. c4 e6 2. g3
d5 3. Bg2 Nf6 4. Nf3 Be7 5. O-O O-O 6. d4 c6 7. Qc2 Nbd7 8. a4 {E08: Closed
Catalan: Main Line: 7 Qc2.} b6 9. a5 Ba6 10. b3 c5 11. Rd1 Qc8 {[#]} 12. Bb2
$146 ({Predecessor:} 12. Ba3 Re8 13. Nc3 bxa5 14. Na4 dxc4 15. bxc4 Bb7 16. Qd2
Nb6 17. Bxc5 Ne4 18. Qxa5 Nxa4 19. Rxa4 Nxc5 20. dxc5 Bxc5 {1/2-1/2 (27)
Jakovenko,D (2710)-Grandelius,N (2653) Germany 2018}) 12... Rd8 13. Nc3 Bb7 (
13... dxc4 $11 14. bxc4 cxd4 15. Nxd4 Bb7) 14. cxd5 $14 exd5 15. e3 h6 16. Bh3
Qc7 17. a6 Bc6 18. Ne5 Nf8 ({Better is} 18... Nxe5 $14 19. dxe5 Ne4) 19. Nxc6
Qxc6 20. Qe2 Ne6 {[%cal Bf8e6,Be6g5,Bg5f3][%mdl 32]} 21. Qb5 Qd6 22. Qa4 (22.
Qf1 $16) 22... Ng5 $11 23. Bg2 {dxc5 is the strong threat.} Qe6 24. Ne2 Qg4 25.
Nf4 (25. Qb5 $11) 25... Nf3+ $17 26. Bxf3 Qxf3 27. Qb5 {[#]} Rac8 ({Black
should try} 27... c4 $1 $17 {Hoping for ...g5.} 28. bxc4 Ne4) 28. dxc5 $11 {
The position is equal.} Ne4 29. Qe2 Qxe2 30. Nxe2 bxc5 31. Nf4 Bf6 32. Bxf6
Nxf6 33. Ra5 g5 34. Ne2 Rd6 35. Nc3 Rcc6 36. Kg2 Kg7 37. h3 Kg6 38. g4 d4 39.
Nb5 Rxa6 40. Rxa6 Rxa6 41. exd4 cxd4 42. Rxd4 {[%mdl 4096] Endgame KRN-KRN} h5
43. Ra4 Rb6 44. Nd4 hxg4 45. hxg4 Nxg4 46. Rxa7 Rb4 47. Ra4 Rb6 48. b4 Rf6 49.
f3 Ne3+ 50. Kf2 Nf5 51. Nxf5 (51. Ne2 {is more complex.} Rb6 52. Nc3 Rd6 53.
Ne4 Rb6 54. Nc3) 51... Rxf5 {KR-KR} 52. Ra3 Rb5 53. Rb3 f5 54. Ke3 Kh5 55. Kd4
g4 {And now ...g3 would win.} 56. fxg4+ fxg4 57. Kc4 Rb8 58. b5 Kh4 59. b6 g3 {
[#] Strongly threatening ...g2.} 60. Kb5 (60. b7 {is interesting.} g2 61. Rb1
Rg8 62. Kd5 Rb8 63. Kc6) 60... g2 61. Rb1 Kg3 62. Rg1 Kh2 63. Rxg2+ Kxg2 64.
Kc6 Rxb6+ 65. Kxb6 {Weighted Error Value: White=0.09/Black=0.10} 1/2-1/2

[Event "GCT Paris Rapid 2021"]
[Site "Paris"]
[Date "2021.06.19"]
[Round "6.5"]
[White "Radjabov, Teimour"]
[Black "Caruana, Fabiano"]
[Result "1/2-1/2"]
[WhiteElo "2765"]
[BlackElo "2820"]
[Annotator "TA"]
[PlyCount "103"]
[EventDate "2021.06.18"]
[EventType "tourn"]
[EventCountry "FRA"]
[SourceTitle "playchess.com"]
[Source "ChessBase"]
[SourceQuality "1"]

{[%evp 16,103,16,16,16,16,21,18,18,18,25,18,18,21,25,25,50,49,50,50,50,46,46,
36,56,39,42,19,38,9,33,10,10,10,10,10,13,10,10,10,10,24,24,10,10,10,25,25,25,
25,25,25,25,25,25,25,25,25,25,25,26,26,26,26,26,26,26,10,26,26,26,8,8,8,8,8,8,
0,0,0,0,0,0,0,0,0,0,0,0,0]} 1. d4 Nf6 2. c4 e6 3. Nf3 d5 4. Nc3 Bb4 5. Bg5 h6
6. Bxf6 Qxf6 7. e3 O-O 8. Rc1 dxc4 9. Bxc4 c5 {D38: Queen's Gambit Declined:
Ragozin Defence (4 Nf3 Bb4).} 10. Qb3 cxd4 11. Qxb4 Nc6 12. Ne4 Nxb4 13. Nxf6+
gxf6 14. Nxd4 {[#]} Bd7 $146 ({Predecessor:} 14... e5 15. Nc2 Nxc2+ 16. Rxc2
Bf5 17. Rc3 Rfd8 18. Ke2 Rac8 19. Rhc1 Rc6 20. Bb3 Be4 {1/2-1/2 (29) Gonzalez
Garcia,J (2494)-Rios,C (2498) Barcelona 2020}) 15. a3 Na6 16. Ke2 Nc7 17. Rhd1
Rfd8 18. Bd3 Ne8 19. e4 Nd6 20. Ke3 e5 21. Ne2 Be6 22. Nc3 Rac8 23. Nb5 Nxb5
24. Bxb5 Rxd1 25. Rxd1 $11 {[%mdl 4096] Endgame KRB-KRB} Rc2 26. Rd2 Rxd2 27.
Kxd2 {KB-KB} f5 28. exf5 Bxf5 29. Ke3 Kg7 30. f4 Kf6 31. Be2 exf4+ 32. Kxf4 b6
33. g4 Bd7 34. h4 Bc6 35. g5+ hxg5+ 36. hxg5+ Ke7 37. Ke5 Bd7 38. Kd5 Ba4 39.
Bg4 a5 40. Bh3 Bb5 41. b3 Be8 42. Bg4 Bb5 43. a4 Be8 {The position is equal.}
44. Be2 Bd7 45. Bc4 Be8 $1 46. Bb5 Bxb5 47. axb5 {K3P-K3P} Kd7 48. Ke5 Ke7 49.
Kd5 {[#] Hoping for Kc6.} Kd7 50. Ke5 Ke7 51. Kd5 {Kc6 is the strong threat.}
Kd7 52. Ke5 {Weighted Error Value: White=0.04/Black=0.03} 1/2-1/2

[Event "GCT Paris Rapid 2021"]
[Site "Paris"]
[Date "2021.06.20"]
[Round "7.1"]
[White "Caruana, Fabiano"]
[Black "So, Wesley"]
[Result "0-1"]
[WhiteElo "2820"]
[BlackElo "2770"]
[Annotator "TA"]
[PlyCount "58"]
[EventDate "2021.06.18"]
[EventType "tourn"]
[EventCountry "FRA"]
[SourceTitle "playchess.com"]
[Source "ChessBase"]
[SourceQuality "1"]

{[%evp 18,58,12,11,19,-6,-16,-8,-13,-17,-9,-14,-9,-16,-17,-11,-19,-20,-20,-82,
-70,-68,-70,-77,-68,-86,-95,-254,-239,-265,-264,-256,-232,-291,-275,-260,-267,
-684,-683,-709,-666,-637,-649]} 1. e4 e5 2. Nf3 Nc6 3. Bb5 Nf6 4. O-O Nxe4 5.
Re1 Nd6 6. Nxe5 Be7 7. Bf1 Nxe5 8. Rxe5 O-O 9. d4 Bf6 10. Re1 Re8 {C67: Ruy
Lopez: Berlin Defence: 4 0-0 Nxe4.} 11. Nc3 Rxe1 12. Qxe1 Bxd4 {The position
is equal.} 13. Bf4 Ne8 $1 14. Nd5 d6 15. Bg5 f6 16. Bh4 g5 17. Qe4 Bxb2 {[#]}
18. Rb1 $146 (18. Re1 $1 $11 Be5 19. f4 gxf4 20. Bd3) ({Predecessor:} 18. Re1
Be5 19. f4 gxh4 20. fxe5 dxe5 21. Bd3 Bf5 22. Qxf5 Qxd5 23. Qxh7+ Kf8 24. Qh6+
{1-0 (52) Guseinov,G (2660)-Georgiadis,N (2528) Batumi 2019}) 18... Be5 $1 $17
{White must now prevent ...f5.} 19. f4 gxh4 20. fxe5 dxe5 21. Bc4 Be6 22. Rxb7
$2 {[#] White does not recover from this.} (22. Ne3 $17 Bxc4 23. Qxc4+ Kh8 24.
Rd1) 22... Kh8 $1 $19 {And now ...Nd6 would win.} ({Don't take} 22... Nd6 23.
Qxh4 Nxb7 24. Nxf6+ Kf8 25. Qh6+ Ke7 26. Qxh7+ Kd6 27. Qd3+ (27. Ne4+ $2 Kc6
$19) 27... Kc5 28. Ne4+ Kc6 29. Bxe6 $17) 23. Bd3 {[%csl Gd3][%cal Re4h7]} Bg8
24. Nxc7 {[#]} Nd6 $1 {[%cal Rd6e4]} ({Weaker is} 24... Nxc7 25. Rxc7 Qxc7 26.
Qxa8 $17) 25. Qxh4 {Hoping for Ne6!} Nxb7 26. Nxa8 Nc5 27. Bf5 $2 (27. Bc4)
27... e4 {aiming for ...Qd4+.Black is clearly winning.} 28. h3 Qd4+ 29. Kh1 {
Now Qf4 and White clings on.} Qa1+ {[%mdl 64] Double Attack.  Weighted Error
Value: White=0.35/Black=0.00} 0-1

[Event "GCT Paris Rapid 2021"]
[Site "Paris"]
[Date "2021.06.20"]
[Round "7.2"]
[White "Bacrot, Etienne"]
[Black "Radjabov, Teimour"]
[Result "1/2-1/2"]
[WhiteElo "2678"]
[BlackElo "2765"]
[Annotator "TA"]
[PlyCount "182"]
[EventDate "2021.06.18"]
[EventType "tourn"]
[EventCountry "FRA"]
[SourceTitle "playchess.com"]
[Source "ChessBase"]
[SourceQuality "1"]

{[%evp 15,182,16,19,12,34,0,37,30,32,5,24,0,15,17,18,22,25,28,20,10,15,0,64,65,
70,74,74,65,68,66,70,70,70,72,72,72,71,64,65,66,108,98,109,106,110,109,115,47,
47,47,48,50,53,52,51,58,55,45,45,43,46,45,47,46,42,40,43,19,29,30,25,27,27,27,
28,26,48,50,45,53,121,121,121,116,121,121,121,121,121,117,142,140,139,128,123,
121,162,155,155,155,162,162,162,155,162,162,162,162,162,162,162,162,162,155,
162,162,162,162,162,162,162,162,225,162,170,148,162,155,151,147,147,147,147,
143,147,140,141,140,140,140,140,135,143,131,148,143,154,154,162,102,158,80,251,
24,24,24,30,0,0,0,0,0,0,-8,-8,-8,-8,-8,-8]} 1. e4 e5 2. Nf3 Nc6 3. Bb5 Nf6 4.
O-O Nxe4 5. Re1 Nd6 6. Nxe5 Be7 7. Bf1 Nxe5 8. Rxe5 O-O 9. Nc3 {C67: Ruy Lopez:
Berlin Defence: 4 0-0 Nxe4.} Bf6 10. Re1 b6 11. Nd5 {White is slightly better.}
Bb7 12. Nxf6+ Qxf6 13. d3 {[#]} Nf5 $146 ({Predecessor:} 13... Rae8 14. Rxe8
Rxe8 15. c3 a5 16. Qg4 Nf5 17. Qg5 Qxg5 18. Bxg5 f6 19. Bd2 Kf7 {1/2-1/2 (41)
Fier,A (2573)-Kamsky,G (2676) Bastia 2017}) 14. Qg4 c5 15. c3 Rfe8 16. Bd2 Bc6
17. h3 h6 18. Qf4 d6 (18... Re6 $11) 19. Rxe8+ $14 Rxe8 20. g4 Nh4 21. Qxf6
gxf6 22. Bxh6 Nf3+ 23. Kg2 Nd2+ 24. Kg3 Nxf1+ 25. Rxf1 $16 {[%mdl 4096]
Endgame KRB-KRB} Re2 26. Bc1 Bb5 27. Rd1 Ba4 28. b3 Bc6 29. Rd2 Re1 30. Bb2
Rg1+ 31. Kh4 (31. Kf4 $16) 31... f5 $14 32. gxf5 Bd7 33. c4 Bxf5 34. d4 {
Black must now prevent dxc5.} Kh7 35. dxc5 dxc5 36. Rd8 {And now Rh8+ would
win.} Rg8 {[%cal Rg8d8]} 37. Rd5 Kg6 38. Rd6+ Be6 39. Kg3 Kf5+ 40. Kf3 f6 41.
Rd3 Rh8 42. Kg2 Kg6 43. Rg3+ Kf7 44. Rf3 Rh6 45. h4 Rxh4 46. Bxf6 Rg4+ 47. Kf1
Kg6 (47... Ke8 $14) 48. Be5 $16 {Rf6+ is the strong threat.} Bf5 49. Bb8 a6 {
[#]} 50. Ba7 $1 b5 51. cxb5 ({Don't take} 51. Bxc5 bxc4 52. b4 Re4 $14) 51...
axb5 52. Bxc5 Rh4 53. Rg3+ Kf7 54. Ke2 Ke6 55. Kd2 Kd5 {[#]} 56. Rg5 $1 Ke6 57.
Kc3 Bb1 58. a3 Bf5 59. Be3 Kf6 60. Rg8 Kf7 61. Rd8 Be6 62. Rd6 Re4 63. Rb6 Bd7
64. Bd4 Rf4 65. Rh6 Ke8 66. Bc5 {aiming for Rh8+.} Rg4 67. Rh8+ Kf7 68. Rh7+
Rg7 (68... Ke8 $142 69. Bd6 Re4) 69. Rh5 Rg4 70. Bd4 Rf4 71. Rh7+ Ke6 72. Rh6+
Kd5 73. Be3 Re4 74. Ra6 Rh4 75. Kd3 Bf5+ 76. Kd2 Bd7 77. Kc3 Bc6 78. Ra7 Ke6
79. f4 Rh5 80. a4 bxa4 81. bxa4 Rh8 82. Ra6 (82. Ra5 $18) 82... Kd7 (82... Kd5
$142) 83. f5 ({Better is} 83. Bd4 Ra8 84. Rxa8 Bxa8 85. a5) 83... Ra8 $2 {[#]}
(83... Rh3 $16) 84. Ba7 $2 (84. Rxa8 $1 $18 {White threatens Ra7+ and mate.}
Bxa8 85. Kd4) 84... Rf8 $1 $11 85. Ra5 Be4 86. Kd4 Rxf5 {The position is equal.
} 87. Bc5 Bb7 88. Rb5 Bc6 89. Ra5 Rf4+ 90. Kc3 Rxa4 91. Rxa4 Bxa4 {Black
escapes into a draw.  Weighted Error Value: White=0.04/Black=0.09} 1/2-1/2

[Event "GCT Paris Rapid 2021"]
[Site "Paris"]
[Date "2021.06.20"]
[Round "7.3"]
[White "Rapport, Richard"]
[Black "Svidler, Peter"]
[Result "1-0"]
[WhiteElo "2763"]
[BlackElo "2714"]
[Annotator "TA"]
[PlyCount "35"]
[EventDate "2021.06.18"]
[EventType "tourn"]
[EventCountry "FRA"]
[SourceTitle "playchess.com"]
[Source "ChessBase"]
[SourceQuality "1"]

{[%evp 9,35,19,35,22,31,19,33,0,15,7,16,6,39,27,35,42,128,142,120,117,286,272,
272,291,305,318,504,495]} 1. d4 Nf6 2. c4 g6 3. h4 c5 4. d5 b5 5. cxb5 a6 6. e3
{E60: King's Indian: Unusual lines and Fianchetto Variation without Nc3.} Bg7
7. Nc3 O-O 8. a4 {White is slightly better.} Bb7 9. Nf3 e6 10. dxe6 fxe6 11.
Qd6 axb5 12. Bxb5 Ne4 (12... Ne8 $14 13. Qh2 (13. Qxc5 Rf5 $11) 13... Nf6) 13.
Nxe4 $16 Bxe4 {[#]} 14. h5 $1 {[#]} ({Much weaker is} 14. Qxc5 $6 Nc6 $11)
14... Qf6 $146 {This move loses the game for Black.} (14... Rxf3 $16 15. gxf3
Bxf3) ({Predecessor:} 14... Nc6 15. hxg6 hxg6 16. Qh2 Bxf3 17. gxf3 Ne5 18.
Qh7+ Kf7 19. Qh3 Rh8 20. Qg2 Rxh1+ 21. Qxh1 {0-1 (27) Ilyin,I (1762)-Martin
Gonzalez,A (2321) LSS email 2013}) 15. h6 $18 Bh8 {[#]} 16. Rh4 $1 {[%cal
Rh4e4]} Bxf3 17. Rf4 {[%mdl 64] Double Attack} Qd8 {[#]} (17... Bxg2 $142 18.
Rxf6 Bxf6) 18. Bxd7 $1 {[%mdl 576] Back Rank.  Weighted Error Value: White=0.
04/Black=0.40} 1-0

[Event "GCT Paris Rapid 2021"]
[Site "Paris"]
[Date "2021.06.20"]
[Round "7.4"]
[White "Nepomniachtchi, Ian"]
[Black "Firouzja, Alireza"]
[Result "1/2-1/2"]
[WhiteElo "2792"]
[BlackElo "2759"]
[Annotator "TA"]
[PlyCount "86"]
[EventDate "2021.06.18"]
[EventType "tourn"]
[EventCountry "FRA"]
[SourceTitle "playchess.com"]
[Source "ChessBase"]
[SourceQuality "1"]

{[%evp 10,86,9,10,7,0,0,2,0,0,0,0,0,0,8,0,8,-10,0,-10,1,-3,0,7,0,-12,-17,-12,
-12,-12,-17,-17,-10,-10,-10,-37,0,0,0,0,0,-14,-25,-15,-3,-35,-6,-16,0,0,0,-10,
0,0,0,0,0,0,0,0,0,0,0,0,0,0,0,0,0,0,0,0,0,0,0,0,0,0,0]} 1. e4 e5 2. Nf3 Nc6 3.
Bc4 Bc5 4. d3 Nf6 5. Nc3 h6 6. h3 a6 $1 {[%mdl 4] now scores much better than
the old 6...d6. C50: Hungarian Defence and Giuoco Pianissimo.} 7. Be3 Bxe3 8.
fxe3 d6 9. d4 O-O 10. O-O b5 11. Bd3 {[#]} Bb7 $146 ({Predecessor:} 11... exd4
12. exd4 b4 13. Ne2 d5 14. e5 Nh5 15. c3 bxc3 16. bxc3 Rb8 17. Rb1 Bd7 {
1-0 (36) Laurindo,U (1254)-Laurindo,V Lages 2020}) 12. Qe1 Re8 13. Qg3 b4 14.
Nd5 Nxd5 15. exd5 {[#]} e4 $1 16. dxc6 Bxc6 17. Nh4 {aiming for Bc4.} exd3 18.
cxd3 Qg5 19. Qxg5 hxg5 20. Nf5 Bb5 21. Rad1 d5 22. Rf3 Re6 23. Rg3 g6 24. Rxg5
Kh7 {[#] Strongly threatening ...f6.} 25. Nh4 Rxe3 26. Rxd5 Re2 27. Rf1 Kg8 (
27... Kg7 {seems wilder.} 28. Rf2 Re1+ 29. Kh2 Rae8 30. Rc5 R1e2) 28. Rf2 {
The position is equal.} Bxd3 29. Rxe2 Bxe2 $11 {[%mdl 4096] Endgame KRB-KRN}
30. Rc5 Rd8 31. Kf2 Rxd4 {...Rd2 is the strong threat.} 32. Kxe2 {And now Nf3
would win.} Rxh4 {KR-KR} 33. Ke3 Kg7 34. b3 Rh8 35. Rxc7 Re8+ 36. Kf3 Re5 37.
Rc4 Ra5 38. Rxb4 Rxa2 39. Ra4 Rb2 40. Rxa6 Rxb3+ 41. Kf2 Rb2+ 42. Kf3 Rb3+ 43.
Kf2 Rb2+ {A rather calm draw.  Weighted Error Value: White=0.04/Black=0.04}
1/2-1/2

[Event "GCT Paris Rapid 2021"]
[Site "Paris"]
[Date "2021.06.20"]
[Round "7.5"]
[White "Aronian, Levon"]
[Black "Vachier-Lagrave, Maxime"]
[Result "1/2-1/2"]
[WhiteElo "2781"]
[BlackElo "2760"]
[Annotator "TA"]
[PlyCount "92"]
[EventDate "2021.06.18"]
[EventType "tourn"]
[EventCountry "FRA"]
[SourceTitle "playchess.com"]
[Source "ChessBase"]
[SourceQuality "1"]

{[%evp 14,92,28,29,35,29,28,54,47,15,23,18,23,12,21,6,5,4,7,0,7,15,4,-4,-5,-33,
0,0,-9,0,0,0,0,0,0,0,0,-4,-4,-4,-1,-6,12,10,9,4,4,4,6,6,4,4,8,0,0,0,0,0,0,0,0,
0,0,0,0,0,0,0,0,0,0,0,0,0,0,0,0,0,0,0,0]} 1. d4 Nf6 2. c4 g6 3. Nf3 Bg7 4. g3
c6 5. Nc3 d5 6. Qb3 O-O 7. Bg2 dxc4 8. Qxc4 b5 {D73: Fianchetto Grünfeld: 5
Nf3 .} 9. Qd3 b4 10. Na4 Bf5 {[#] White is slightly better.} 11. Qd1 $146 ({
Predecessor:} 11. Qc4 a5 12. Nc5 Ne4 13. O-O Nxc5 14. Qxc5 Be4 15. Ne5 Bxg2 16.
Kxg2 Na6 17. Qc4 {1/2-1/2 (61) Cua,S (2143)-Popova,N (2264) Beijing 2008})
11... Nbd7 12. O-O Be4 13. Bd2 a5 14. a3 Qb8 15. axb4 axb4 16. Qb3 Ra7 17. Qxb4
({Don't go for} 17. Bxb4 $2 Rb7 $19) 17... Qa8 18. b3 Rb8 19. Qa3 ({Wrong is} 
19. Qxe7 $2 Bf8 $19) 19... Bd5 20. Qc1 {The position is equal.} ({Not} 20. Qxe7
$2 Bf8 $19) 20... Ne4 21. Rb1 Nxd2 22. Qxd2 Rxb3 23. Rxb3 Bxb3 24. Nc3 Ra1 25.
Qb2 Rxf1+ 26. Bxf1 Qb8 27. e3 Bd5 (27... c5 {with more complications.} 28. Qa3
cxd4 29. Nxd4 Bxd4 30. exd4 Kf8) 28. Qxb8+ Nxb8 29. Nxd5 cxd5 $11 {[%mdl 4096]
Endgame KBN-KBN} 30. Bb5 e6 31. Kg2 Kf8 32. h4 Ke7 33. Kh3 h6 34. h5 g5 35. Ne5
Bxe5 36. dxe5 Nd7 37. Bxd7 Kxd7 {KP-KP} 38. f4 gxf4 39. exf4 Ke7 40. g4 $1 f6
41. Kg3 fxe5 42. fxe5 Kf7 43. Kf3 Kg7 44. Kg3 Kf7 45. Kf3 $1 Kg7 46. Kg3 Kf7 {
Weighted Error Value: White=0.04/Black=0.03} 1/2-1/2

[Event "GCT Paris Rapid 2021"]
[Site "Paris"]
[Date "2021.06.20"]
[Round "8.1"]
[White "So, Wesley"]
[Black "Vachier-Lagrave, Maxime"]
[Result "1-0"]
[WhiteElo "2770"]
[BlackElo "2760"]
[Annotator "TA"]
[PlyCount "53"]
[EventDate "2021.06.18"]
[EventType "tourn"]
[EventCountry "FRA"]
[SourceTitle "playchess.com"]
[Source "ChessBase"]
[SourceQuality "1"]

{[%evp 18,53,14,0,11,8,10,8,5,15,9,0,0,12,10,1,4,0,15,8,6,14,0,0,24,30,26,26,
60,62,60,60,60,50,60,5,779,772]} 1. d4 Nf6 2. c4 g6 3. Nc3 d5 4. cxd5 Nxd5 5.
e4 Nxc3 6. bxc3 Bg7 7. Nf3 c5 8. h3 O-O 9. Be2 Nc6 10. Be3 cxd4 {D85: Exchange
Grünfeld: Unusual White 7th moves and lines with 7 Nf3.} 11. cxd4 f5 12. Bc4+
Kh8 {The position is equal.} 13. O-O f4 14. Bd2 {With the idea Bc3.} Nxd4 15.
Bc3 {[%cal Rc3d4]} Nxf3+ 16. Qxf3 Bd7 17. Rfd1 Qc7 {[#]} 18. Rac1 $1 {Strongly
threatening Be6!} Rad8 (18... Bc6 19. Bd5) 19. Bb4 $36 {[%mdl 2048] White is
more active.} Bc6 20. Bd5 {[#]} Qe5 $146 (20... a5 {keeps more tension.} 21.
Be1 Rd6 22. Qa3 Ra8 23. Bb4 Rd7) ({Predecessor:} 20... a5 21. Be1 Rd6 22. Qa3
Ra8 23. Rc5 a4 24. Rdc1 h5 25. Bc3 e5 26. Qb2 a3 27. Qb5 Qd7 28. Qb3 Bxd5 29.
Rxd5 Rc8 30. Re1 {1/2-1/2 (30) Napalkov,V (2513)-Yloenen,O (2473) ICCF email
2015}) 21. Rc5 Bxd5 22. exd5 Rd7 23. d6 Qe6 24. dxe7 Rxd1+ ({Wrong is} 24...
Rxe7 $2 25. Ra5 $18) ({Avoid the trap} 24... Qxe7 $2 {[#]} 25. Rcd5 $1 $18) 25.
Qxd1 Qxe7 26. Rc4 (26. Rb5 $14 Qe8 27. Rxb7) 26... Rd8 $2 {[%mdl 8192] [#]} 27.
Rc8 $1 {[%cal Rc8d8][%mdl 512] Weighted Error Value: White=0.07/Black=0.07} 1-0